MARC

LEADER 00000nam0a2200000 4500
001 116112
005 20231101215316.0
035 |a (RuTPU)RU\TPU\book\125643 
090 |a 116112 
100 |a 20070517d1969 km y0rusy50 ca 
101 0 |a rus 
102 |a BY 
105 |a a z 001zy 
200 1 |a Обзорные доклады по теме: " Взаимодействие поверхностей - адгезия и деформация поверхностных слоев при трении"  |f П. А. Ребиндер, Р. Куртель  |g Академия наук СССР, Государственный научно-исследовательский институт машиноведения им. А. А. Благонравова 
210 |a Минск  |c Наука и техника  |d 1969 
215 |a 39 с.  |c ил. 
225 1 |a Всесоюзный симпозиум о природе трения твердых тел 
320 |a Библиография в конце докладов. 
610 1 |a поверхности 
610 1 |a поверхностная обработка 
610 1 |a трение 
610 1 |a смазка 
610 1 |a адгезия 
610 1 |a деформация 
675 |a 621.891  |v 3 
675 |a 621.892  |v 3 
700 1 |a Ребиндер  |b П. А.  |g Петр Александрович 
701 1 |a Куртель  |b Р. 
712 0 2 |a Академия наук СССР  |b Государственный научно-исследовательский институт машиноведения им. А. А. Благонравова  |c (Москва)  |c (1962-1979)  |2 stltpush  |3 (RuTPU)RU\TPU\col\27800  |9 28893 
801 1 |a RU  |b 63413507  |c 20070517  |g PSBO 
801 2 |a RU  |b 63413507  |c 20220218  |g PSBO 
942 |c BK